[Event "24th PKWN Festival it"]
[Site "Naleczow POL"]
[Date "1988.07.??"]
[Round "13"]
[White "Schoen, Wolfram"]
[Black "Przewoznik, Jan"]
[Result "0-1"]
[WhiteElo "2430"]
[BlackElo "2370"]
[EventDate "1988.07.15"]
[PlyCount "118"]

1.d4 Nf6 2.c4 e6 3.Nc3 Bb4 4.e3 O-O 5.Bd3 d5 6.Nf3 b6 7.O-O Bb7 8.cxd5 
exd5 9.Ne5 c5 10.f4 Nc6 11.Ne2 c4 12.Bc2 b5 13.Ng3 Re8 14.Bd2 Bf8 15.Be1 
Ne7 16.Bb4 a5 17.Bxe7 Qxe7 18.Nh5 Bc8 19.Nxf6+ Qxf6 20.g4 Qh4 21.Qf3 f6 
22.f5 Bb7 23.Nd7 Bd6 24.Rf2 Re7 25.Nb6 Rae8 26.Nxd5 Rxe3 27.Qxe3 Qxg4+ 28.
Kf1 Rxe3 29.Nxe3 Qxd4 30.Rd1 Qxe3 31.Rxd6 h5 32.Rd7 Bc6 33.Rd6 Bb7 34.Rd7 
Bc6 35.Rd6 Be4 36.Bxe4 Qxe4 37.a3 h4 38.Re6 Qd5 39.Re3 Kh7 40.h3 Qh1+ 41.
Ke2 Qb1 42.Kf3 Qxf5+ 43.Ke2 Qc2+ 44.Kf1 Qd1+ 45.Kg2 Qd4 46.Rfe2 g5 47.Rf3 
Kg6 48.Rfe3 b4 49.axb4 axb4 50.Rf3 f5 51.Re6+ Kh5 52.Re2 Qd5 53.Kf2 g4 54.
hxg4+ fxg4 55.Rf4 Kg5 56.Rfe4 Kf5 57.Re8 g3+ 58.Kg1 h3 59.Rf8+ Kg4 0-1

[Event "24th PKWN Festival it"]
[Site "Naleczow POL"]
[Date "1988.07.??"]
[Round "13"]
[White "Szymczak, Zbigniew"]
[Black "Tomaszewski, Roman"]
[Result "1/2-1/2"]
[WhiteElo "2340"]
[BlackElo "2360"]
[EventDate "1988.07.15"]
[PlyCount "33"]

1.e4 d6 2.d4 Nf6 3.Nc3 g6 4.Nf3 Bg7 5.Be2 O-O 6.O-O c6 7.h3 a5 8.Bf4 Na6 
9.e5 dxe5 10.Bxe5 Ne8 11.Re1 Nb4 12.a3 Nd5 13.Nxd5 cxd5 14.Bd3 Nd6 15.c3 
f6 16.Bh2 e6 17.Qc2 1/2-1/2